000 00822nam a2200217Ia 4500
003 GCL
008 140319s9999 xx 000 0 ara d
040 _aGCL /
_cGCL
082 0 4 _a690
_bع م
100 1 _aعبداللطيف ابوالعطا البقرى
245 1 0 _aالمنشاة المعمارية :
_bالتصميمات الانشائية - الكميات والمواصفات - دراسة العطاءات /
_cعبداللطيف ابوالعطا البقرى
260 _aالقاهرة :
_bمكتبة الانجلوالمصرية ،
_c1997
300 _a752 ص ؛
_c32 سم
650 0 4 _aهندسة الانشاءات
650 0 4 _aالانشاءات
650 0 4 _aالتصميم الانشائى
650 0 4 _aالمصاعد
650 0 4 _aالاسمنت
650 0 4 _aالسباكة
942 _2ddc
_cBK
999 _c2511
_d2511